01437nam a2200397 i 450000100060000000300090000600500170001500800410003201500180007302000150009104000280010604600090013408000100014308000130015308000120016608000120017824501800019026000510037030000590042133600270048033700540050733800280056138000160058938800140060538800140061950400240063352100640065765000290072165000230075065000310077365500300080465800300083470000300086470000470089485600980094133744KOSZ 00520221201103604.0980713s1997 pl a |000 0 pol d aPB 1997/11912 a8387239003 aWA NcWA NdKOSZ 005/HR k1997 a005.5 a658.1/.5 a316.772 a(075.8)00aElementy zarządzania informacją i komunikacją w przedsiębiorstwie /cpod red. Zbigniewa Martyniaka ; [aut. Jan Beliczyński et al.] ; Akademia Ekonomiczna w Krakowie. aKraków :bAE. Wydawnictwo Uczelniane,c1997. a92, [1] s., [2] k. tabl. złoż. :b1 wykr. ;c24 cm. 2rdacontentaTekstbtxt 2rdamediaaBez urządzenia pośredniczącegobn 2rdacarrieraWoluminbnc aKsiążki a1901-2000 a1989-2000 aBibliogr. s. 91-92. aSkrypt dla studentów kierunku zarządzania i marketingu. 4aKomunikacja wewnętrzna 4aPrzedsiębiorstwo 4aZarządzanie informacją 4aPodręczniki akademickie aZarządzanie i marketing1 aBeliczyński, JaneAutor1 aMartyniak, Zbigniewd(1936-2002)eRedakcja41uhttp://koha.tu.koszalin.pl/cgi-bin/koha/opac-detail.pl?biblionumber=33744yKatalog online BPK